| 000 | 01745cam a22004934i 4500 | ||
|---|---|---|---|
| 003 | PE-LiUPU | ||
| 005 | 20250731172845.0 | ||
| 008 | 150616s1992 miu rb 000 0 eng d | ||
| 020 | _a0802836968 | ||
| 035 | _a(Sirsi) i9780802836960 | ||
| 040 |
_aPE-LiUPU _bspa _cPE-LiUPU _erda |
||
| 049 | _aPRUA | ||
| 082 | 0 | 4 |
_a225.077 _bP _221 |
| 100 | 1 |
_aMorris, Leon, _eautor. |
|
| 245 | 1 | 4 |
_aThe Gospel According to Matthew. _n40 / _cLeón Morris. |
| 264 | 1 |
_aGrand Rapids, Michigan : _bWm. B. Eerdmans Publishing Co., _c1992. |
|
| 300 |
_a781 páginas ; _c23 centímetros. |
||
| 336 |
_atext _2rdacontent |
||
| 337 |
_aunmediated _2rdamedia |
||
| 338 |
_avolume _2rdacarrier |
||
| 490 | 0 | _aA Pillar Commentary Series | |
| 504 | _aBibliografía al pie de pagina. | ||
| 505 | 0 | _aAnálisis de textos, exposición y notas del libro de Mateo Mateo. | |
| 526 | _aSEG42 | ||
| 526 | _aSEG41 | ||
| 526 | _aSEG40 | ||
| 526 | _aSEG39 | ||
| 526 | _aP94 | ||
| 526 | _aP87 | ||
| 526 | _aP86 | ||
| 526 | _aP85 | ||
| 526 | _aP77 | ||
| 526 | _aP76 | ||
| 526 | _aP35 | ||
| 600 | 1 | _aJesucristo | |
| 630 |
_aBiblia. _pN.T. _pMateo _xComentarios. |
||
| 910 |
_ajck _bjvq _cjck |
||
| 942 |
_2ddc _cBOOK |
||
| 949 |
_aRC 225.077 P 40 _wDEWEY _c1 _i40652 _d2015-11-16 _lCCODEBUL1 _mBUL _q5 _r0 _sY _tBOOK _u2015-6-16 _xTEOLOGIA _zUNKNOWN _0COMPRA _o.CIRCNOTE. No olvidar cambiar la fecha de devolución!!!!!!! _o.STAFF. Colección General |
||
| 994 |
_aC0 _bPEPRU |
||
| 596 | _a1 | ||
| 999 |
_a225.07 PNTC 1 _wLC _c9651 _i73346 _d9651 _e2016-12-27 _f2021-11-9 _g5 _lCCODEBUL1 _mBUL _n1 _p50.50 _q17 _r0 _sY _tBOOK _u2016-6-2 _xTEOLOGIA _PP85 _0COMPRA _o.STAFF. Colección Teología |
||
| 980 |
_81 _gALBERTO SANCHEZ Responsable de Automatización |
||